| 000 | 01142nam a2200253Ia 4500 | ||
|---|---|---|---|
| 003 | Ost | ||
| 005 | 20260507075243.0 | ||
| 008 | 260507s9999||||xx |||||||||||||| ||und|| | ||
| 020 | _a1097329957 | ||
| 040 | _cfsecg | ||
| 041 | _aara | ||
| 082 | _a330 | ||
| 100 |
_aحريم، حسين _eمؤلف |
||
| 245 | 0 |
_aمبادئ الإدارة الحديثة : _bالنظريات، العمليات الادارية، وظائف المنظمة / _c حسين حريم |
|
| 260 |
_aعمان: _bدار الحامد, _c2009 |
||
| 300 |
_a366 صفحة؛ _bإيضاحات ؛ _c24 سم |
||
| 504 | _aمراجع ص.364 | ||
| 520 | _aماهية الادارة و أهميتها ، تطور الفكر الاداري ، صنع القرارات الادارية ، التخطيط ، التنظيم ، نماذج الهيكل التنظيمي، القيادة ، الدافعية الانسانية ، الاتصال ، الرقابة ، وظائف المنظمة. | ||
| 653 | _aالادارة الحديثة | ||
| 653 | _aالادارة العامة | ||
| 653 | _aالعمليات الادارية | ||
| 653 | _aالمنظمة | ||
| 942 | _cكتاب | ||
| 999 |
_c43638 _d43638 |
||